Szczegóły MARC21

Dietetyka : wybrane zagadnienia /

003 -Nazwa inst., której nr kontr. jest w polu 001 [,]
    • @
    • Nazwa instytucji, której n kontrolny jest w polu 001
    • NUKAT
005 -DATA I CZAS OSTATNIEJ MODYFIKACJI [,]
    • @
    • pole kontrolne
    • 20241231092042.0
020 -Międzynarod. znormalizowany nr książki - ISBN [ , ]
    • a
    • Numer ISBN
    • 9788379960576 Find
040 -Instytucja sporządzająca opis [ , ]
    • a
    • Instytucja, która sporządziła opis (NP)
    • OLSZT 003/ISO
    • c
    • Instytucja, która sporządziła rekord (NP)
    • OLSZT 003/ISOs
    • d
    • Instytucja, która zmodyfikowała rekord (P)
    • OLSZT 003/DK
942 -Rodzaj dokumentu [ , ]
    • c
    • Rodzaj dokumentu
    • Książka
100 -Hasło główne - nazwa osobowa [1, ]
    • a
    • Nazwa osobowa (NP)
    • Bilek, Maciej
    • d
    • Daty biograficzne (NP)
    • (1980- ).
    • 9
    • KHW
    • 51008
245 -Strefa tytułu i oznaczenia odpowiedzialności [1,0]
    • a
    • Tytuł
    • Dietetyka : Find
    • b
    • Ciąg dalszy tytułu (NP)
    • wybrane zagadnienia / Find
    • c
    • Pozostałe elementy strefy tytułu i oznaczenia odpowiedzialności (NP)
    • Maciej Bilek, Anna Pasternakiewicz, Joanna Typek.
260 -Strefa adresu wydawniczego [ , ]
    • a
    • Miejsce wydania (P)
    • Rzeszów :
    • b
    • Nazwa wydawcy (P)
    • Wydawnictwo Uniwersytetu Rzeszowskiego,
    • c
    • Data wydania (P)
    • 2014.
300 -Strefa opisu fizycznego [ , ]
    • a
    • Określenie formy książki i/lub objętość (NP)
    • 160 s. ;
    • c
    • Format (NP)
    • 24 cm.
336 -Typ zawartości [ , ]
    • a
    • Termin opisujący typ zawartości
    • Tekst
    • b
    • Kod określający zawartość
    • txt
    • 2
    • Źródło (terminu i kodu)
    • rdacontent
337 -Typ mediów [ , ]
    • a
    • Tryb odtwarzania
    • Bez urządzenia pośredniczącego
    • b
    • Kod typu mediów
    • n
    • 2
    • Źródło (terminu i kodu)
    • rdamedia
338 -Typ/rodzaj nośnika [ , ]
    • a
    • Hasło opisujące typ nośnika
    • Wolumin
    • b
    • Kod typu nośnika
    • nc
    • 2
    • Źródło (terminu i kodu)
    • rdacarrier
504 -Uwaga dot. bibliogr. załącznikowej [ , ]
    • a
    • Uwaga dot. bibliografii załącznikowej
    • Bibliogr. przy częściach.
080 -Uniwersalna Klasyfikacja Dziesiętna [ , ]
    • 2
    • Identyfikator wydania tablic
    • UDC-P058
    • 9
    • UKD
    • 4579
    • a
    • Symbol klasyfikacji
    • 613.2
    • b
    • Dopowiedzenie
    • Higiena odżywiania. Dieta. Dietetyka. Wartość odżywcza.
650 -Hasło przedmiotowe [ ,7]
    • a
    • Hasło przedmiotowe
    • Dietetyka
    • v
    • Określnik formalny
    • podręczniki.
    • 2
    • Źródło terminu
    • kaba
    • 9
    • KHW
    • 362449
650 -Hasło przedmiotowe [ ,7]
    • a
    • Hasło przedmiotowe
    • Odżywianie
    • v
    • Określnik formalny
    • podręczniki.
    • 2
    • Źródło terminu
    • kaba
    • 9
    • KHW
    • 362450
980 -Symbol UKD [ , ]
    • a
    • UKD
    • 613.2
700 -Hasło dodatkowe - nazwa osobowa [1, ]
    • a
    • Nazwa osobowa (NP)
    • Pasternakiewicz, Anna Małgorzata. Find
    • 9
    • KHW
    • 83653
700 -Hasło dodatkowe - nazwa osobowa [1, ]
    • a
    • Nazwa osobowa (NP)
    • Typek, Joanna. Find
    • 9
    • KHW
    • 83654
710 -Hasło dodatkowe - nazwa ciała zbiorowego [2, ]
    • a
    • Nazwa ciała zbiorowego lub nazwa geograficzna jako pierwszy element (NP)
    • Uniwersytet Rzeszowski.
    • b
    • Nazwa jednostki podrzędnej (P)
    • Wydawnictwo.
    • 4
    • Kod relacji
    • pbl
    • 9
    • KHW
    • 51605
920 -ISBN [ , ]
    • a
    • ISBN
    • 978-83-7996-057-6 Find
Numer inwentarzowy Lokalizacja Sygnatura Status udost. Data inwentaryzacji
Z.120544BG 12015-06-19
WM.17562BG -32015-06-19
WM.17563BG -32015-06-19
WF.9769BMŻywienie, nadwaga 4112015-06-19